000 00445 a2200145 4500
999 _c3405
_d3405
020 _a9780415617789
050 _aJF1081 ROU 2014
100 _aHeywood, Paul M.
_eeditor
245 _aRoutlege handbook of political corruption /
_cPaul M. Heywood
264 _aNew York :
_bRoutldge,
_c2014
300 _axiii, 366p. :
500 _aIncludes bibliographical references and index
650 _aPolitical corruption
942 _2lcc
_cBK
_h1081
_iROU
_kJF